000 00921nam2a22002411 4500
001 RU\NLR\Per\1059400
005 20250614060329.0
035 _a(NLR Aleph) 010483637
090 _a10074400
_c10074400
100 _a20140813d2014 |||y0rusy50 ca
101 0 _arus
102 _aRU
200 0 _a2014, № 7
210 _d2014
_aБ. м.
461 0 _1001RU\NLR\INFOCOMM4\1000532023
_12001#$aЗащита окружающей среды в нефтегазовом комплексе$eНауч.-техн. журн.$v2014, № 7
_92059917
_cМ.
_d2000 -
_nВНИИОЭНГ
_oНауч.-техн. журн.
_tЗащита окружающей среды в нефтегазовом комплексе
_x2411-7013
_v2014, № 7
801 1 _aRU
_bInfoComm
_c20040319
801 0 _aRU
_bNLR
_gPSBO
801 2 _aRU
_bNLR
_c20090401
_2rusmarc
852 _aNLR
_jП23/4889
942 _cISSUE
980 _aNB
980 _aRUSPER